Poistiteľnosť nových druhov rizík

Nové druhy rizík vznikajú v spoločnosti neustále. Teoretické vymedzenie poistiteľnosti rizík. Špecifické vlastnosti nových druhov rizík a problémy s ich poistiteľnosťou. Možné spôsoby poistiteľnosti nových druhov rizík.

Enregistré dans:
Détails bibliographiques
Auteur principal: Brokešová, Zuzana, 1985-
Format: Chapitre de livre
Langue:slovaque
Sujets:
Tags: Ajouter un tag
Pas de tags, Soyez le premier à ajouter un tag!

MARC

LEADER 00000naa$a2200000$$$4500
001 0146956
005 20240502083339.8
041 0 |a slo 
044 |a CZ 
245 1 0 |a Poistiteľnosť nových druhov rizík  |c Zuzana Brokešová 
520 |a Nové druhy rizík vznikajú v spoločnosti neustále. Teoretické vymedzenie poistiteľnosti rizík. Špecifické vlastnosti nových druhov rizík a problémy s ich poistiteľnosťou. Možné spôsoby poistiteľnosti nových druhov rizík. 
610 2 0 |a riziko 
610 2 0 |a poistenie 
610 2 0 |a poistenie rizikové 
100 1 |a Brokešová, Zuzana, 1985-